[Event "Wch Silent"]
[Site "Malente"]
[Date "2004.07.25"]
[Round "1"]
[White "Collutiis, Duilio"]
[Black "Smatoc, Marian"]
[Result "1-0"]
[WhiteElo "2345"]
[BlackElo "2090"]
[PlyCount "63"]
[EventDate "2004.07.25"]
[EventType "swiss"]
[EventRounds "9"]
[EventCountry "GER"]
[SourceTitle "EXT 2006"]
[Source "ChessBase"]
[SourceDate "2005.11.24"]
[SourceVersion "1"]
[SourceVersionDate "2005.11.24"]
[SourceQuality "1"]

1. e4 c5 2. Nc3 a6 3. g3 Nc6 4. Bg2 g6 5. f4 Bg7 6. Nf3 e6 7. 0-0 d6 8. Ne2 Nge7 9. c3 0-0 10. d4 cxd4 11. Nfxd4 e5 12. Nxc6 bxc6 13. Be3 Qc7 14. Qd2 Rd8 15. c4 Be6 16. Rac1 Qb7 17. b3 f5 18. Nc3 Rab8 19. Rfd1 Rd7 20. Qe1 Qb4 21. fxe5 Bxe5 22. exf5 Bxf5 23. Ne4 Qxe1+ 24. Rxe1 c5 25. Bf2 Kg7 26. Nxc5 Bf6 27. Nxd7 Bxd7 28. Rcd1 Nc8 29. Bd4 a5 30. c5 Bg4 31. Bxf6+ Kxf6 32. Rd4 1-0